| 000 | 00436pab a2200145 454500 | ||
|---|---|---|---|
| 008 | 180718b2000 xxu||||| |||| 00| 0 eng d | ||
| 100 | _aKennedy, Peter E. | ||
| 245 | _aEight reasons why real versus nominal interest rates is the most important concept in macroeconomics principles courses | ||
| 260 | _c2000 | ||
| 300 | _ap.81-84 | ||
| 362 | _aMay | ||
| 650 | _aInterest rates | ||
| 773 | _aAmerican Economic Review | ||
| 909 | _a45332 | ||
| 999 |
_c45332 _d45332 |
||